Comprehensive clinical nephrology

Bibliographic Details
Main Authors: Feehally, John (Author), Floege, Jürgen (Author), Johnson, Richard J. (Author)
Format: Book
Language:English
PhysicalDescription:xviii, 1239 s. fotogr. (prevažne fareb.), ilustr., sch. 28 cm 1 audio CD
Published: Philadelphia, PA Mosby Elsevier c2007
ISBN:9780323046022
0323046029
Edition:3rd ed.
Subjects:

MARC

LEADER 00000nam a2200000 a 4500
001 vtls010283736
003 SK-MaSNL
005 20260301182854.0
008 240315s2007 xxua f 001 0 eng
020 |a 9780323046022  |q (viaz.) 
020 |a 0323046029 
040 |a SNK  |b slo  |c SNK  |e AACR2 
041 0 |a eng 
044 |a xxu  |c US 
072 7 |a 616  |x Patológia. Klinická medicína  |2 konspekt 
080 |a 616.61  |2 2001 
080 |a (048.8)  |2 2001 
100 1 |a Feehally, John  |4 aut  |9 557328 
245 1 0 |a Comprehensive clinical nephrology  |c John Feehally, Jürgen Floege, Richard J. Johnson 
250 |a 3rd ed. 
260 |a Philadelphia, PA  |b Mosby Elsevier  |c c2007 
300 |a xviii, 1239 s.  |b fotogr. (prevažne fareb.), ilustr., sch.  |c 28 cm  |e 1 audio CD 
650 0 7 |a klinická nefrológia  |2 SNKPH  |9 106217 
650 0 7 |a Clinical nephrology  |2 SNKPHeng  |9 557329 
655 7 |a monografie  |2 SNKPH  |9 70139 
655 7 |a Monographs  |2 SNKPHeng  |9 120675 
700 1 |a Floege, Jürgen  |4 aut  |9 557330 
700 1 |a Johnson, Richard J.  |4 aut  |9 557331 
919 |a 978-0-323-04602-2 
919 |a 0-323-04602-9 
999 |c 855102  |d 857032 
952 |a SNK  |b SNK  |y VYP  |7 0  |p 17A0704190  |o snkIB 72447  |i snk2011/12985  |8 3  |g 220.16  |0 0  |1 0  |4 0  |d 2011-06-06  |l 0  |r 2026-02-24 04:54:10  |w 2026-02-24 
952 |a SNK  |b SNK  |y VYP  |7 0  |p 17A0704191  |o snkIB 72447/príl.  |i snk2011/12985  |8 3  |z Príloha CD  |0 0  |1 0  |4 0  |d 2011-06-06  |l 0  |r 2026-02-24 04:54:10  |w 2026-02-24